000 00418nam a2200181Ia 4500
001 19651
005 20260306172708.0
008 260306t2013||||xx |||||||||||||| ||spa||
041 _aESP
082 _a340.8
_bM61
100 _aMinisterio de Justicia y Derechos Humanos
_eAUT
245 0 _aCompendio de normas
260 _c2013
300 _a
_c
650 _aGEN
654 _aCDE
942 _cLIB
_dJUS
_fJUS
_2ddc
_n
999 _c19651
_d19651